[Event "X GRAN TORNEO INTERNACIONAL AFICIONADOS S-2300 "]
[Site "Benidorm (Alicante - SPAIN)"]
[Date "2011.12.07"]
[Round "7"]
[Board "1"]
[White "Acero Solis, Alberto"]
[Black "Killane, Jack"]
[Result "1-0"]
[WhiteElo "1931"]
[BlackElo "2046"]
[PlyCount "47"]
[EventDate "2011.12.02"]
[EventRounds "10"]
[EventCountry "ESP"]

1. f4 e5 2. fxe5 d6 3. exd6 Bxd6 4. Nf3 Bg4 5. e4 Nf6 6. Nc3 Nc6 7. Bb5 O-O 8.
Bxc6 bxc6 9. O-O Re8 10. d3 h6 11. Be3 Qe7 12. Qd2 Kh7 13. h3 Bh5 14. Ne2 c5
15. Bf4 Bxf4 16. Qxf4 Qe6 17. Rae1 Rad8 18. Qh4 Bxf3 19. Rxf3 g5 20. Qf2 Kg6
21. b3 Qc6 22. Rf1 Rd6 23. Rf5 c4 24. e5 1-0

[Event "X GRAN TORNEO INTERNACIONAL AFICIONADOS S-2300 "]
[Site "Benidorm (Alicante - SPAIN)"]
[Date "2011.12.07"]
[Round "7"]
[Board "1"]
[White "Vinals, Rioja Jaume"]
[Black "Rios Garcia, Miguel"]
[Result "1-0"]
[WhiteElo "2039"]
[BlackElo "2006"]
[PlyCount "41"]
[EventDate "2011.12.02"]
[EventRounds "10"]
[EventCountry "ESP"]

1. e4 Nf6 2. e5 Nd5 3. d4 d6 4. Nf3 g6 5. Be2 Bg7 6. O-O O-O 7. h3 Nc6 8. exd6
cxd6 9. c4 Nc7 10. Nc3 d5 11. c5 b6 12. cxb6 axb6 13. Be3 Ba6 14. a3 Bxe2 15.
Qxe2 Na5 16. Ne5 Qd6 17. f4 Rfe8 18. b4 Nb3 19. Ra2 Ne6 20. Qd1 f6 21. Nf3 1-0

[Event "X GRAN TORNEO INTERNACIONAL AFICIONADOS S-2300 "]
[Site "Benidorm (Alicante - SPAIN)"]
[Date "2011.12.08"]
[Round "8"]
[Board "1"]
[White "Moreno Gracia, Daniel"]
[Black "Inants, Aghasi"]
[Result "1-0"]
[WhiteElo "2298"]
[BlackElo "2288"]
[PlyCount "119"]
[EventDate "2011.12.02"]
[EventRounds "10"]
[EventCountry "ESP"]

1. d4 g6 2. c4 c5 3. d5 Bg7 4. Nc3 d6 5. e4 Nf6 6. h3 O-O 7. Nf3 Na6 8. Bd3 Nc7
9. O-O e5 10. Be3 a6 11. Nd2 Rb8 12. a4 Nh5 13. Re1 Bd7 14. Kh2 b5 15. axb5
axb5 16. cxb5 Nxb5 17. Bxb5 Bxb5 18. Nxb5 Rxb5 19. Nc4 Qb8 20. Ra6 Rd8 21. Qc2
h6 22. Rea1 Bf8 23. Bd2 Nf6 24. Bc3 Nd7 25. Qa4 Nf6 26. Nxe5 dxe5 27. Rxf6 Bd6
28. Qa7 Rb7 29. Qxb8 Bxb8 30. Ra8 Ra7 31. Rxa7 Bxa7 32. Bxe5 Re8 33. f4 Bb8 34.
Bxb8 Rxb8 35. Rc6 Rb4 36. d6 Rd4 37. Rxc5 Rxd6 38. Rc4 Rd3 39. b4 Kg7 40. e5
Rb3 41. g4 h5 42. Kg2 h4 43. f5 Re3 44. Rc5 gxf5 45. gxf5 Kh6 46. b5 Rb3 47. e6
fxe6 48. fxe6 Kg7 49. Rf5 Re3 50. b6 Rxe6 51. Rb5 Re8 52. b7 Rb8 53. Kf3 Kf7
54. Kg4 Ke7 55. Kxh4 Kd7 56. Kg5 Kc7 57. h4 Rg8+ 58. Kf6 Kb8 59. h5 Rg1 60. h6
1-0

[Event "X GRAN TORNEO INTERNACIONAL AFICIONADOS S-2300 "]
[Site "Benidorm (Alicante - SPAIN)"]
[Date "2011.12.08"]
[Round "8"]
[Board "1"]
[White "Voiteanu, Gabriel"]
[Black "Lapicki, Raul"]
[Result "1-0"]
[WhiteElo "2293"]
[BlackElo "2237"]
[PlyCount "79"]
[EventDate "2011.12.02"]
[EventRounds "10"]
[EventCountry "ESP"]

1. d4 Nf6 2. c4 g6 3. Nc3 Bg7 4. e4 d6 5. Be2 O-O 6. Bg5 Na6 7. Qd2 e5 8. d5
Qe8 9. f3 Nd7 10. g4 Ndc5 11. h4 f5 12. h5 f4 13. hxg6 Qxg6 14. Rh5 Bd7 15. Nh3
h6 16. Bh4 Bxg4 17. fxg4 f3 18. Nf2 fxe2 19. Rf5 Bf6 20. Bxf6 Rxf6 21. Nxe2
Rxf5 22. gxf5 Qg5 23. Qxg5+ hxg5 24. Kd2 Kg7 25. Rg1 Rh8 26. Rxg5+ Kf7 27. Rg2
Rh4 28. Nc3 c6 29. Rg6 cxd5 30. cxd5 Ke7 31. Nb5 Nxe4+ 32. Nxe4 Rxe4 33. f6+
Kf7 34. Rh6 Rf4 35. Nxd6+ Kg8 36. f7+ Kg7 37. Re6 Nc5 38. Re8 Nd7 39. Rg8+ Kh7
40. Rd8 1-0

[Event "X GRAN TORNEO INTERNACIONAL AFICIONADOS S-2300 "]
[Site "Benidorm (Alicante - SPAIN)"]
[Date "2011.12.08"]
[Round "8"]
[Board "1"]
[White "Muratet Casadevall, Albert"]
[Black "Seletsky, Grigory"]
[Result "1-0"]
[WhiteElo "2164"]
[BlackElo "2280"]
[PlyCount "73"]
[EventDate "2011.12.02"]
[EventRounds "10"]
[EventCountry "ESP"]

1. e4 g6 2. d4 Bg7 3. Nf3 c5 4. c3 cxd4 5. Bc4 d3 6. Qxd3 Nc6 7. Bf4 d6 8. Nbd2
Nf6 9. O-O O-O 10. Nb3 a6 11. Rad1 b5 12. Bd5 Bb7 13. Rfe1 Nxd5 14. exd5 Na7
15. Qe3 Re8 16. Bh6 e5 17. dxe6 Rxe6 18. Qd2 Bxh6 19. Qxh6 Bxf3 20. gxf3 Rxe1+
21. Rxe1 Nc6 22. Re4 Ne5 23. Nd4 Qf8 24. Qh3 f5 25. Re2 Re8 26. f4 Ng4 27. Qf3
Rxe2 28. Qxe2 Qf7 29. a4 bxa4 30. Qxa6 Qa2 31. Qc8+ Kg7 32. Ne6+ Kh6 33. Kg2
Qd5+ 34. Kg3 Kh5 35. Qd8 Qd3+ 36. f3 Nf6 37. Qxf6 1-0

[Event "X GRAN TORNEO INTERNACIONAL AFICIONADOS S-2300 "]
[Site "Benidorm (Alicante - SPAIN)"]
[Date "2011.12.08"]
[Round "8"]
[Board "1"]
[White "San Emeterio Rubio, Jose"]
[Black "Villuendas Valero, Adrian"]
[Result "1/2-1/2"]
[WhiteElo "2025"]
[BlackElo "2267"]
[PlyCount "108"]
[EventDate "2011.12.02"]
[EventRounds "10"]
[EventCountry "ESP"]

1. e4 e6 2. d4 d5 3. Nc3 Nf6 4. Bg5 Be7 5. e5 Nfd7 6. Bxe7 Qxe7 7. Nb5 Na6 8.
Qd2 O-O 9. f4 c5 10. c3 Nb6 11. Nd6 Qc7 12. Nf3 Bd7 13. Bd3 f5 14. Rc1 Nc8 15.
Nxc8 Raxc8 16. O-O cxd4 17. Nxd4 Nc5 18. Kh1 Qb6 19. Rf2 Nxd3 20. Qxd3 Qa6 21.
Qxa6 bxa6 22. Rfc2 Kf7 23. c4 Rc5 24. Nb3 Rxc4 25. Rxc4 dxc4 26. Rxc4 Rc8 27.
Rxc8 Bxc8 28. Nc5 Ke7 29. Kg1 Kd8 30. Kf2 Kc7 31. Ke3 Kc6 32. Kd4 Kb5 33. a3 a5
34. b3 h6 35. g3 g6 36. h3 h5 37. h4 a6 38. Na4 Bb7 39. Nc3+ Kb6 40. b4 axb4
41. axb4 Bc6 42. Nb1 Kb5 43. Kc3 Bd5 44. Na3+ Kb6 45. Nc2 a5 46. bxa5+ Kxa5 47.
Ne3 Bc6 48. Nc4+ Kb5 49. Kd4 Kb4 50. Nd6 Bd7 51. Nf7 Be8 52. Ng5 Bd7 53. Nh7
Be8 54. Nf6 Bc6 1/2-1/2

[Event "X GRAN TORNEO INTERNACIONAL AFICIONADOS S-2300 "]
[Site "Benidorm (Alicante - SPAIN)"]
[Date "2011.12.08"]
[Round "8"]
[Board "1"]
[White "Bosque Ortega, Xavier"]
[Black "Garcia Trobat, Francisco"]
[Result "1-0"]
[WhiteElo "2229"]
[BlackElo "2291"]
[PlyCount "90"]
[EventDate "2011.12.02"]
[EventRounds "10"]
[EventCountry "ESP"]

1. d4 Nf6 2. Bf4 c5 3. e3 Qb6 4. Nc3 a6 5. a3 cxd4 6. exd4 d5 7. Bd3 Nc6 8.
Nge2 Bg4 9. f3 Bd7 10. Na4 Qa7 11. Nc5 e6 12. Nxd7 Nxd7 13. c3 Be7 14. O-O Nce5
15. Bxe5 Nxe5 16. Kh1 Nxd3 17. Qxd3 b5 18. f4 g6 19. g4 f5 20. gxf5 exf5 21.
Ng1 O-O 22. Nf3 Bf6 23. Rae1 Rae8 24. Re2 Re4 25. Nd2 Re7 26. Rfe1 Rfe8 27.
Rxe7 Rxe7 28. Rxe7 Qxe7 29. Nf3 Qe4 30. Qxe4 fxe4 31. Ne5 g5 32. Nd7 Be7 33.
Nb6 gxf4 34. Nxd5 Bg5 35. h4 Bxh4 36. Nxf4 Bg5 37. Ne2 Kf7 38. b3 h5 39. a4
bxa4 40. bxa4 Ke6 41. c4 Kf5 42. Kg2 Kg4 43. c5 a5 44. d5 h4 45. c6 h3+ 1-0

[Event "X GRAN TORNEO INTERNACIONAL AFICIONADOS S-2300 "]
[Site "Benidorm (Alicante - SPAIN)"]
[Date "2011.12.08"]
[Round "8"]
[Board "1"]
[White "Vaarala, Eric"]
[Black "Rogac, Srdjan"]
[Result "0-1"]
[WhiteElo "2226"]
[BlackElo "2287"]
[PlyCount "33"]
[EventDate "2011.12.02"]
[EventRounds "10"]
[EventCountry "ESP"]

1. e4 c5 2. Nf3 Nc6 3. d3 g6 4. g3 Bg7 5. Bg2 d6 6. O-O Nf6 7. Re1 O-O 8. c3 e5
9. Nbd2 Rb8 10. Nb3 Be6 11. Ng5 Bg4 12. f3 Bd7 13. f4 b5 14. d4 c4 15. dxe5 Bg4
16. Bf3 Qb6+ 17. Nd4 {Irreproducible} 0-1

[Event "X GRAN TORNEO INTERNACIONAL AFICIONADOS S-2300 "]
[Site "Benidorm (Alicante - SPAIN)"]
[Date "2011.12.08"]
[Round "8"]
[Board "1"]
[White "Turcu, Iulian"]
[Black "Gromovs, Sergejs"]
[Result "1-0"]
[WhiteElo "2217"]
[BlackElo "2275"]
[PlyCount "39"]
[EventDate "2011.12.02"]
[EventRounds "10"]
[EventCountry "ESP"]

1. d4 d6 2. e4 Nf6 3. Nc3 g6 4. Nf3 Bg7 5. Be2 O-O 6. O-O a6 7. a4 Nbd7 8. h3
c6 9. e5 Nd5 10. exd6 exd6 11. Nxd5 cxd5 12. c3 Nf6 13. Bg5 h6 14. Bxf6 Qxf6
15. Nh2 h5 16. Nf3 Be6 17. Qb3 Qe7 18. Kh1 Rab8 19. a5 Bh6 20. Rfe1 {
Irreproducible} 1-0

[Event "X GRAN TORNEO INTERNACIONAL AFICIONADOS S-2300 "]
[Site "Benidorm (Alicante - SPAIN)"]
[Date "2011.12.08"]
[Round "8"]
[Board "1"]
[White "Barbero Senidic, Alejandro"]
[Black "Sanchez, Botella Luis Javier"]
[Result "0-1"]
[WhiteElo "2269"]
[BlackElo "2221"]
[PlyCount "212"]
[EventDate "2011.12.02"]
[EventRounds "10"]
[EventCountry "ESP"]

1. e4 c5 2. Nf3 e6 3. d4 cxd4 4. Nxd4 a6 5. Nc3 Qc7 6. Bd3 Nf6 7. f4 d6 8. Qf3
Be7 9. g4 Nc6 10. Nb3 b5 11. Be3 Nd7 12. O-O O-O 13. g5 g6 14. a3 Re8 15. Qf2
Bf8 16. Qh4 Bg7 17. Rf3 Qd8 18. Rh3 h5 19. Rf1 b4 20. Nd1 bxa3 21. bxa3 Na5 22.
Be2 Nxb3 23. cxb3 Nc5 24. Bxc5 dxc5 25. e5 Bb7 26. Bf3 Rb8 27. Bxb7 Rxb7 28.
Nb2 c4 29. Nxc4 Bf8 30. Qg3 Bc5+ 31. Kg2 a5 32. Qf3 Rd7 33. Qc6 Rd5 34. Rhf3
Qe7 35. a4 Bb4 36. R1f2 Red8 37. Qa6 Qc5 38. Qb6 Qe7 39. Rc2 Kg7 40. Ne3 Rd3
41. Rc7 R8d7 42. Rxd7 Qxd7 43. Qb5 Rd2+ 44. Rf2 Qd4 45. Rxd2 Bxd2 46. Nc4 Bxf4
47. Qb7 Bxg5 48. Qf3 Be7 49. Kh3 f5 50. exf6+ Bxf6 51. Kg2 Qc5 52. Qb7+ Kh6 53.
Qf3 Bd4 54. h4 Bg7 55. Nd2 Qc2 56. Qf4+ Kh7 57. Kh2 Qd1 58. Kg2 Qe2+ 59. Kh3 e5
60. Qg5 e4 61. Qf4 Qd3+ 62. Kg2 Qe2+ 63. Kh3 Qd3+ 64. Kg2 e3 65. Nf3 Qe2+ 66.
Kh3 Qf1+ 67. Kg3 Qf2+ 68. Kh3 Kg8 69. Qe4 Qf1+ 70. Kg3 Qf2+ 71. Kh3 Qf1+ 72.
Kg3 e2 73. Qe8+ Kh7 74. Ng5+ Kh6 75. Nf3 Kh7 76. Ng5+ Kh6 77. Nf3 Bf6 78. Qf8+
Bg7 79. Qe7 Bf6 80. Qf8+ Kh7 81. Qf7+ Bg7 82. Qe7 Kg8 83. Qe8+ Bf8 84. Qe6+ Kg7
85. Qe5+ Kg8 86. Qe8 e1=Q+ 87. Nxe1 Qf7 88. Qxf7+ Kxf7 89. Kf4 Be7 90. Nf3 Ke6
91. Ke4 Bf6 92. Kf4 Kd5 93. Ng5 Be5+ 94. Ke3 Bg3 95. Kd3 Bxh4 96. Ne4 Be7 97.
Nd2 g5 98. Nc4 Bd8 99. Ne3+ Ke5 100. Ke2 Ke4 101. Nc2 h4 102. b4 h3 103. Kf2 g4
104. bxa5 Bxa5 105. Kg3 Bc7+ 106. Kf2 g3+ 0-1

[Event "X GRAN TORNEO INTERNACIONAL AFICIONADOS S-2300 "]
[Site "Benidorm (Alicante - SPAIN)"]
[Date "2011.12.08"]
[Round "8"]
[Board "1"]
[White "Exposito Amaro, Josue"]
[Black "Garcia Amoros, Pablo"]
[Result "1-0"]
[WhiteElo "2250"]
[BlackElo "2178"]
[PlyCount "57"]
[EventDate "2011.12.02"]
[EventRounds "10"]
[EventCountry "ESP"]

1. e4 c5 2. Nc3 Nc6 3. f4 e6 4. Nf3 g6 5. d4 d6 6. Bb5 Bd7 7. d5 exd5 8. exd5
Nce7 9. O-O Bg7 10. Qe2 Nf6 11. f5 O-O 12. fxg6 hxg6 13. Bg5 Re8 14. Qd2 Bxb5
15. Nxb5 Qd7 16. Nc3 Nf5 17. Bxf6 Bxf6 18. Qf4 Bg7 19. Ne4 Re7 20. Nh4 Re5 21.
c4 Rae8 22. Nxf5 gxf5 23. Ng3 Kh7 24. Nxf5 Rh8 25. Qg4 f6 26. Qh3+ Kg8 27. Nh6+
Bxh6 28. Qxd7 Be3+ 29. Kh1 1-0

[Event "X GRAN TORNEO INTERNACIONAL AFICIONADOS S-2300 "]
[Site "Benidorm (Alicante - SPAIN)"]
[Date "2011.12.08"]
[Round "8"]
[Board "1"]
[White "Lanza, Luciano"]
[Black "Garcia Lopez, Miguel Angel"]
[Result "0-1"]
[WhiteElo "2178"]
[BlackElo "2232"]
[PlyCount "92"]
[EventDate "2011.12.02"]
[EventRounds "10"]
[EventCountry "ESP"]

1. e4 c5 2. Nf3 e6 3. d4 cxd4 4. Nxd4 Nc6 5. Nc3 Qc7 6. Nxc6 dxc6 7. f4 e5 8.
Qf3 Nf6 9. Bd3 Bc5 10. h3 Bd4 11. Ne2 Bc5 12. Nc3 Bd7 13. fxe5 Qxe5 14. Bf4 Qh5
15. g4 Qh4+ 16. Bg3 Qh6 17. Ne2 Qe3 18. Qxe3 Bxe3 19. Bf4 Bxf4 20. Nxf4 O-O-O
21. O-O-O Rhe8 22. Rde1 Re5 23. Rhf1 Rde8 24. Bc4 Rf8 25. Nd3 Rxe4 26. Rxe4
Nxe4 27. Ne5 f6 28. Bd3 Nd6 29. h4 Be6 30. g5 f5 31. h5 Kd8 32. Rf4 Kc7 33. b3
Nf7 34. Nf3 g6 35. hxg6 hxg6 36. Nh4 Rg8 37. Nf3 Bd5 38. Nh4 Nxg5 39. Nxf5 gxf5
40. Rxf5 Be6 41. Rf4 Kd6 42. Kd2 Nf7 43. Ra4 a6 44. Rd4+ Kc7 45. Bc4 Bxc4 46.
Rxc4 Rg2+ 0-1

[Event "X GRAN TORNEO INTERNACIONAL AFICIONADOS S-2300 "]
[Site "Benidorm (Alicante - SPAIN)"]
[Date "2011.12.08"]
[Round "8"]
[Board "1"]
[White "Lara Lopez, Jose"]
[Black "Suarez Roa, Jose Francisco"]
[Result "1/2-1/2"]
[WhiteElo "2231"]
[BlackElo "2153"]
[PlyCount "69"]
[EventDate "2011.12.02"]
[EventRounds "10"]
[EventCountry "ESP"]

1. e4 c6 2. d4 d5 3. Nc3 dxe4 4. Nxe4 Bf5 5. Ng3 Bg6 6. f4 e6 7. Nf3 Bd6 8. Bd3
Ne7 9. O-O Nd7 10. Kh1 Nf6 11. Ne5 Qc7 12. a3 Rd8 13. Qe2 O-O 14. b4 b5 15. Bd2
Nf5 16. Nxg6 hxg6 17. c3 Qd7 18. Ne4 Nxe4 19. Bxe4 Be7 20. Be1 Nd6 21. Bd3 Rfe8
22. h4 f5 23. h5 Kf7 24. hxg6+ Kxg6 25. Qg4+ Kf7 26. Qh5+ Kf8 27. g4 fxg4 28.
Bg6 Bf6 29. Bxe8 Qxe8 30. Qxg4 Nf5 31. Bf2 Qd7 32. a4 Kf7 33. Kg2 Rh8 34. Rh1
Bh4 35. Qf3 {Irreproducible} 1/2-1/2

[Event "X GRAN TORNEO INTERNACIONAL AFICIONADOS S-2300 "]
[Site "Benidorm (Alicante - SPAIN)"]
[Date "2011.12.08"]
[Round "8"]
[Board "1"]
[White "Sanchez Aller, Fernando"]
[Black "Ferrer Sanchez, Pedro Jesus"]
[Result "0-1"]
[WhiteElo "2300"]
[BlackElo "2156"]
[PlyCount "62"]
[EventDate "2011.12.02"]
[EventRounds "10"]
[EventCountry "ESP"]

1. e4 c5 2. Nf3 d6 3. d4 cxd4 4. Nxd4 Nf6 5. Nc3 a6 6. Bc4 e6 7. Bb3 Be7 8. g4
O-O 9. g5 Nfd7 10. Rg1 Nc5 11. Qh5 g6 12. Qh6 Re8 13. Be3 b5 14. Rg3 Bf8 15.
Qh4 h5 16. O-O-O Bb7 17. f3 Nbd7 18. Nce2 Nxb3+ 19. axb3 a5 20. Nxb5 a4 21. b4
Ba6 22. Nec3 Qb8 23. Na3 Qxb4 24. Rd4 Qb7 25. Rxa4 Reb8 26. b3 Rc8 27. Nab1 Bg7
28. Bd2 Nc5 29. Ra2 Bd3 30. Rb2 Ra1 31. b4 Na4 0-1

[Event "X GRAN TORNEO INTERNACIONAL AFICIONADOS S-2300 "]
[Site "Benidorm (Alicante - SPAIN)"]
[Date "2011.12.08"]
[Round "8"]
[Board "1"]
[White "Sanchez Barbado, Carlos"]
[Black "Lillo Castay, Victor"]
[Result "0-1"]
[WhiteElo "2180"]
[BlackElo "2289"]
[PlyCount "90"]
[EventDate "2011.12.02"]
[EventRounds "10"]
[EventCountry "ESP"]

1. e4 e5 2. Nf3 Nc6 3. Nc3 Nf6 4. d4 Bb4 5. d5 Ne7 6. Nxe5 O-O 7. Qd4 Bxc3+ 8.
bxc3 Re8 9. Bd3 d6 10. Nf3 c5 11. dxc6 Nxc6 12. Qe3 d5 13. e5 Ng4 14. Qf4 f6
15. e6 Rxe6+ 16. Kf1 Re8 17. h3 Nge5 18. Kg1 Nxf3+ 19. Qxf3 Ne5 20. Qg3 Nxd3
21. cxd3 Bf5 22. Kh2 Qa5 23. Bd2 Bg6 24. Rhd1 Re2 25. Qf3 Rae8 26. Kg1 Qb5 27.
Bf4 R2e7 28. Rac1 Qa5 29. a3 Bf7 30. Bd6 Re6 31. Bb4 Qa4 32. Kh2 b6 33. Qxd5 a5
34. Qd4 axb4 35. axb4 b5 36. Ra1 Qc2 37. Rdc1 Qe2 38. Re1 Qh5 39. Rxe6 Bxe6 40.
Ra5 Rb8 41. f4 Qd5 42. Qa7 Rd8 43. c4 Qxd3 44. cxb5 Qd2 45. Qc7 Rc8 0-1

[Event "X GRAN TORNEO INTERNACIONAL AFICIONADOS S-2300 "]
[Site "Benidorm (Alicante - SPAIN)"]
[Date "2011.12.08"]
[Round "8"]
[Board "1"]
[White "Budisin, Stanislav"]
[Black "Bas Mas, Jose Joaquin"]
[Result "1-0"]
[WhiteElo "2120"]
[BlackElo "2214"]
[PlyCount "61"]
[EventDate "2011.12.02"]
[EventRounds "10"]
[EventCountry "ESP"]

1. d4 Nf6 2. c4 c5 3. d5 b5 4. cxb5 a6 5. bxa6 d6 6. Nc3 Bxa6 7. Nf3 g6 8. Nd2
Bg7 9. e4 Bxf1 10. Nxf1 Nbd7 11. Ne3 O-O 12. O-O Nb6 13. a4 Nfd7 14. Bd2 Bd4
15. Qc2 Ne5 16. h3 e6 17. b3 exd5 18. Nexd5 Nxd5 19. exd5 f5 20. Ra2 Qh4 21.
Ne2 Rfe8 22. Nxd4 Qxd4 23. Bc3 Qxd5 24. Rd1 Qc6 25. f4 Nf7 26. Ba1 Re3 27. Qb2
Kf8 28. Qg7+ Ke8 29. Bf6 Nd8 30. Rad2 Re6 31. Rxd6 1-0

[Event "X GRAN TORNEO INTERNACIONAL AFICIONADOS S-2300 "]
[Site "Benidorm (Alicante - SPAIN)"]
[Date "2011.12.08"]
[Round "8"]
[Board "1"]
[White "Acebal Muniz, Antonio"]
[Black "Silva Rodriguez, Fernando"]
[Result "1/2-1/2"]
[WhiteElo "2113"]
[BlackElo "2182"]
[PlyCount "44"]
[EventDate "2011.12.02"]
[EventRounds "10"]
[EventCountry "ESP"]

1. Nf3 d5 2. d4 Nf6 3. c4 e6 4. Nc3 Bb4 5. Qa4+ Nc6 6. Ne5 Bd7 7. Nxd7 Qxd7 8.
a3 Be7 9. e3 a6 10. cxd5 exd5 11. Bd3 O-O 12. O-O Bd6 13. Qd1 Rfe8 14. Qf3 Rad8
15. Qf5 Ne7 16. Qxd7 Rxd7 17. Na4 Ng6 18. b4 Rdd8 19. Bb2 Ra8 20. Nc5 Ra7 21.
Rfc1 Rea8 22. Bc3 b6 1/2-1/2

[Event "X GRAN TORNEO INTERNACIONAL AFICIONADOS S-2300 "]
[Site "Benidorm (Alicante - SPAIN)"]
[Date "2011.12.08"]
[Round "8"]
[Board "1"]
[White "Murcia Paredes, Angel"]
[Black "Montalban, Galvez Antoni"]
[Result "1/2-1/2"]
[WhiteElo "2134"]
[BlackElo "2207"]
[PlyCount "64"]
[EventDate "2011.12.02"]
[EventRounds "10"]
[EventCountry "ESP"]

1. e4 c5 2. Nf3 Nc6 3. d4 cxd4 4. Nxd4 e6 5. Nc3 d6 6. Be3 Nf6 7. h3 e5 8. Nde2
d5 9. Nxd5 Nxe4 10. Nec3 Nxc3 11. Nxc3 Qxd1+ 12. Rxd1 Bb4 13. Bb5 Be6 14. O-O
Bxc3 15. bxc3 O-O 16. a3 Rfc8 17. Rfe1 a6 18. Bd3 f5 19. f3 Kf7 20. Rb1 b5 21.
a4 bxa4 22. Ra1 a5 23. Rxa4 Rab8 24. Ba6 Rd8 25. Bc1 Rb1 26. Kf2 h6 27. Bd3
Rdb8 28. g4 Kf6 29. Kg3 R8b6 30. Kf2 Rb8 31. Kg3 R8b6 32. Kf2 Rb8 1/2-1/2

[Event "X GRAN TORNEO INTERNACIONAL AFICIONADOS S-2300 "]
[Site "Benidorm (Alicante - SPAIN)"]
[Date "2011.12.08"]
[Round "8"]
[Board "1"]
[White "Lasinskas, Povilas"]
[Black "Mirete Bernabe, Marco Antonio"]
[Result "1-0"]
[WhiteElo "2122"]
[BlackElo "2204"]
[PlyCount "45"]
[EventDate "2011.12.02"]
[EventRounds "10"]
[EventCountry "ESP"]

1. d4 Nf6 2. Nf3 e6 3. c4 b6 4. a3 Ba6 5. Qc2 Bb7 6. Nc3 c5 7. dxc5 Bxc5 8. Bg5
h6 9. Bh4 g5 10. Bg3 Nc6 11. e3 a5 12. Be2 g4 13. Nd2 Ne7 14. Nde4 Nf5 15. Be5
Be7 16. Bxg4 Nxg4 17. Bxh8 Nfxe3 18. fxe3 f5 19. O-O-O b5 20. h3 b4 21. hxg4
fxe4 22. Nxe4 d5 23. Nf6+ 1-0

[Event "X GRAN TORNEO INTERNACIONAL AFICIONADOS S-2300 "]
[Site "Benidorm (Alicante - SPAIN)"]
[Date "2011.12.08"]
[Round "8"]
[Board "1"]
[White "Marcos Pinto, Luis"]
[Black "Grigoriev, Ivan"]
[Result "0-1"]
[WhiteElo "2191"]
[BlackElo "2103"]
[PlyCount "56"]
[EventDate "2011.12.02"]
[EventRounds "10"]
[EventCountry "ESP"]

1. e4 c5 2. Nf3 Nc6 3. d4 cxd4 4. Nxd4 g6 5. Nc3 Bg7 6. Be3 Nf6 7. Bc4 O-O 8.
Bb3 d6 9. Qd2 Ng4 10. O-O Nxe3 11. fxe3 Ne5 12. Rf2 b6 13. Raf1 Ba6 14. Ndb5
Rc8 15. a4 Qd7 16. h3 Rc5 17. Bd5 Rxc3 18. Qxc3 Bxb5 19. axb5 Nf3+ 20. Rxf3
Bxc3 21. bxc3 e6 22. Bc6 Qc7 23. c4 a5 24. Rd1 Qe7 25. Rff1 Rd8 26. Rd3 Qg5 27.
Ra1 Kf8 28. Kf2 Qf6+ 0-1

[Event "X GRAN TORNEO INTERNACIONAL AFICIONADOS S-2300 "]
[Site "Benidorm (Alicante - SPAIN)"]
[Date "2011.12.08"]
[Round "8"]
[Board "1"]
[White "Remolar Gallen, Jose"]
[Black "Picazo Lopez, Juan Antonio"]
[Result "1/2-1/2"]
[WhiteElo "2086"]
[BlackElo "2184"]
[PlyCount "66"]
[EventDate "2011.12.02"]
[EventRounds "10"]
[EventCountry "ESP"]

1. e4 d5 2. exd5 Nf6 3. d4 Nxd5 4. c4 Nb6 5. Nf3 g6 6. Nc3 Bg7 7. c5 Nd5 8. Bc4
Nxc3 9. bxc3 O-O 10. O-O Nc6 11. Bg5 Bg4 12. h3 Bxf3 13. Qxf3 h6 14. Bf4 e5 15.
dxe5 Nxe5 16. Bxe5 Bxe5 17. Qxb7 Bxc3 18. Rac1 Bd4 19. Rfd1 Qf6 20. Bb3 Bxc5
21. Qxc7 Rac8 22. Qg3 Bb6 23. Rd6 Qf5 24. Rxg6+ Kh7 25. Rg7+ Kh8 26. Rg4 Rg8
27. Qf4 Rg5 28. Qd6 Rxg4 29. Qxh6+ Kg8 30. hxg4 Qxg4 31. Qf6 Qg7 32. Qf5 Rc5
33. Qf3 Qg6 1/2-1/2

[Event "X GRAN TORNEO INTERNACIONAL AFICIONADOS S-2300 "]
[Site "Benidorm (Alicante - SPAIN)"]
[Date "2011.12.08"]
[Round "8"]
[Board "1"]
[White "Tejero Royo, Fermin"]
[Black "Madina Yadarola, Martin"]
[Result "1-0"]
[WhiteElo "2120"]
[BlackElo "2273"]
[PlyCount "73"]
[EventDate "2011.12.02"]
[EventRounds "10"]
[EventCountry "ESP"]

1. e4 g6 2. d4 Bg7 3. c4 d6 4. Nc3 Nd7 5. Be3 e5 6. d5 Ne7 7. b4 f5 8. f3 a5 9.
a3 Nf6 10. Bd3 c6 11. dxc6 bxc6 12. Nge2 fxe4 13. Nxe4 Nxe4 14. fxe4 O-O 15.
Nc3 Be6 16. Rf1 axb4 17. axb4 Rxa1 18. Rxf8+ Kxf8 19. Qxa1 Kg8 20. Qa7 d5 21.
cxd5 cxd5 22. Bg5 Qc8 23. Qc5 dxe4 24. Nxe4 Nc6 25. b5 Nd4 26. Qxc8+ Bxc8 27.
Nd6 Be6 28. b6 Bf8 29. Nc4 Bb4+ 30. Bd2 Bc5 31. b7 Ba7 32. Nxe5 Bb8 33. Be3
Bxe5 34. Bxd4 Bb8 35. Be4 Kf7 36. Bf2 Bxh2 37. g3 1-0

[Event "X GRAN TORNEO INTERNACIONAL AFICIONADOS S-2300 "]
[Site "Benidorm (Alicante - SPAIN)"]
[Date "2011.12.08"]
[Round "8"]
[Board "1"]
[White "Gonzalez Mateos, Rafael"]
[Black "Cucarella Montell, Angels"]
[Result "1-0"]
[WhiteElo "2145"]
[BlackElo "1923"]
[PlyCount "39"]
[EventDate "2011.12.02"]
[EventRounds "10"]
[EventCountry "ESP"]

1. d4 Nf6 2. c3 d6 3. Bg5 Nbd7 4. Nd2 e5 5. e4 Be7 6. Ngf3 O-O 7. Bd3 h6 8. Bh4
exd4 9. Bxf6 Bxf6 10. cxd4 c5 11. O-O cxd4 12. Nb3 Qb6 13. Rc1 Nc5 14. e5 Be7
15. Bb1 Bg4 16. exd6 Bxd6 17. Nxc5 Bxh2+ 18. Kxh2 Bxf3 19. Qxf3 Qxb2 20. Qxb7
1-0

[Event "X GRAN TORNEO INTERNACIONAL AFICIONADOS S-2300 "]
[Site "Benidorm (Alicante - SPAIN)"]
[Date "2011.12.08"]
[Round "8"]
[Board "1"]
[White "Jovic, Stevan"]
[Black "Aymerich Rosell, Pablo"]
[Result "1-0"]
[WhiteElo "2293"]
[BlackElo "2063"]
[PlyCount "65"]
[EventDate "2011.12.02"]
[EventRounds "10"]
[EventCountry "ESP"]

1. d4 Nf6 2. c4 g6 3. Nc3 Bg7 4. e4 d6 5. Be2 O-O 6. Nf3 Bg4 7. Be3 Nfd7 8. Qd2
a6 9. h3 Bxf3 10. Bxf3 Nc6 11. d5 Na5 12. Be2 c5 13. O-O Rb8 14. Rac1 b5 15.
cxb5 axb5 16. Nxb5 Re8 17. b3 Ra8 18. Rfe1 Nf6 19. Nc3 e6 20. dxe6 fxe6 21. e5
dxe5 22. Qxd8 Rexd8 23. Bxc5 Nd5 24. a4 Nf4 25. Bb6 Rdc8 26. Bb5 e4 27. Bxa5
Rxa5 28. Nxe4 Rb8 29. Rc6 Nd5 30. Rec1 Raa8 31. Rxe6 Nf4 32. Rec6 Rxb5 33. Rc8+
1-0

[Event "X GRAN TORNEO INTERNACIONAL AFICIONADOS S-2300 "]
[Site "Benidorm (Alicante - SPAIN)"]
[Date "2011.12.08"]
[Round "8"]
[Board "1"]
[White "Quimi, Marco"]
[Black "Gomez Peco, David"]
[Result "0-1"]
[WhiteElo "2163"]
[BlackElo "2046"]
[PlyCount "60"]
[EventDate "2011.12.02"]
[EventRounds "10"]
[EventCountry "ESP"]

1. e4 c5 2. Nf3 Nc6 3. d4 cxd4 4. Nxd4 Nf6 5. Nc3 e5 6. Ndb5 d6 7. Bg5 a6 8.
Bxf6 gxf6 9. Na3 b5 10. Nd5 Bg7 11. Bd3 Ne7 12. Ne3 f5 13. O-O f4 14. Nd5 Nxd5
15. exd5 Qg5 16. Re1 O-O 17. c3 Bb7 18. Bf1 Rae8 19. Nc2 e4 20. a4 Bxd5 21.
axb5 axb5 22. Ra5 Rb8 23. Nb4 Ba8 24. Qxd6 Rfd8 25. Qc7 e3 26. fxe3 Be5 27. Qc5
f3 28. Rxb5 Bxh2+ 29. Kxh2 Qh4+ 30. Kg1 f2# 0-1